000 00546nam a2200181Ia 4500
003 GCL
008 140319s9999 xx 000 0 ara d
040 _aGCL /
_cGCL
082 0 4 _a913
_bى ا
100 1 _aيسرى الجوهرى
245 1 0 _aالجغرافيا البشرية /
_cيسرى الجوهرى
700 1 _aناريمان درويش
260 _aالقاهرة :
_bمؤسسة شباب الجامعة ،
_c1992
300 _a546 ص ؛
_c24 سم
490 _a
650 0 4 _aالجغرافيا البشرية
942 _2ddc
_cBK
999 _c48756
_d48756